000 01219nam a22002417a 4500
003 OSt
005 20210318134157.0
008 210318s2003 ck aob|gr|||| 00| 0 spa d
020 _a958973491X
040 _aCO-JMCR
_cCO-JMCR
041 0 _aspa
082 0 4 _aR / 577.709861 /
_bV652a
_223
100 1 _aVides C., Martha Patricia,
_eeditora
_936298
245 1 0 _aAtlas de paisajes costeros de Colombia /
_ceditores, Martha Patricia Vides C., Paula Cristina Sierra-Correa
260 _aSanta Marta :
_bInstituto de Investigaciones Marinas y Costeras "José Benito Vives De Andreis",
_c2003
300 _a131 páginas :
_bilustraciones, fotografías y mapas a color ;
_c43 cm.
490 0 _aPublicaciones generales ;
_v16
504 _aBibliografía: páginas 128-131
505 0 _aColombia 50% MAR, una visión de futuro -- La Costa Caribe colombiana, lugar de dramática belleza -- El Caribe Insular, San Andrés, Old Providence y Santa Catalina -- El Pacífico Continental e Insular, región de contrastes -- ¿Somos vulnerables ante un eventual ascenso del nivel del mar?
650 1 4 _aEcología marina
_vAtlas
_zColombia
_936299
700 1 _aSierra-Correa, Paula Cristina,
_eeditora
_936300
942 _2ddc
_cBK
999 _c15431
_d15431